000 00475nam a22001937a 4500
005 20251108172554.0
008 250721s9999 xx 000 0 eng d
082 1 4 _a004.678MCF
100 1 _aMcFedries, Paul
245 1 0 _aCreating aweb page /
250 _a4 th ed
264 1 _aIndianapolis :
_bQUE,
300 _a414 p + CD
490 0 _aThe complete idiot's guide to
650 1 7 _acomputer net works
650 1 7 _aIntrenet
942 _2ddc
_cBK
999 _c82880
_d82880